|
|
|
|
| LEADER |
01681nam a2200421 a 4500 |
| 001 |
EBC306696 |
| 003 |
MiAaPQ |
| 005 |
20200520144314.0 |
| 006 |
m o d | |
| 007 |
cr cn||||||||| |
| 008 |
070430s2007 ne a sb 001 0 eng |
| 010 |
|
|
|z 2007017992
|
| 020 |
|
|
|z 9780123741424
|
| 020 |
|
|
|z 0123741424
|
| 035 |
|
|
|a (MiAaPQ)EBC306696
|
| 035 |
|
|
|a (Au-PeEL)EBL306696
|
| 035 |
|
|
|a (CaPaEBR)ebr10188234
|
| 035 |
|
|
|a (CaONFJC)MIL102883
|
| 035 |
|
|
|a (OCoLC)476085829
|
| 040 |
|
|
|a MiAaPQ
|c MiAaPQ
|d MiAaPQ
|
| 050 |
|
4 |
|a HD2746.5
|b .C6693 2007
|
| 082 |
0 |
4 |
|a 338.8/3
|2 22
|
| 245 |
0 |
0 |
|a Corporate governance and regulatory impact on mergers and acquisitions
|h [electronic resource] :
|b research and analysis on activity worldwide since 1990 /
|c edited by Greg N. Gregoriou, and Luc Renneboog.
|
| 260 |
|
|
|a Amsterdam ;
|a Boston :
|b Academic Press,
|c c2007.
|
| 300 |
|
|
|a xv, 288 p. :
|b ill.
|
| 490 |
1 |
|
|a Quantitative finance series
|
| 504 |
|
|
|a Includes bibliographical references and index.
|
| 533 |
|
|
|a Electronic reproduction. Ann Arbor, MI : ProQuest, 2015. Available via World Wide Web. Access may be limited to ProQuest affiliated libraries.
|
| 650 |
|
0 |
|a Consolidation and merger of corporations.
|
| 650 |
|
0 |
|a Corporate governance.
|
| 650 |
|
0 |
|a Consolidation and merger of corporations
|x Law and legislation.
|
| 650 |
|
0 |
|a Corporate governance
|x Law and legislation.
|
| 655 |
|
4 |
|a Electronic books.
|
| 700 |
1 |
|
|a Gregoriou, Greg N.,
|d 1956-
|
| 700 |
1 |
|
|a Renneboog, Luc.
|
| 710 |
2 |
|
|a ProQuest (Firm)
|
| 830 |
|
0 |
|a Quantitative finance series.
|
| 856 |
4 |
0 |
|u https://ebookcentral.proquest.com/lib/matrademy/detail.action?docID=306696
|z Click to View
|